000 00584nam a2200205Ii 4500
003 JO-AjNU
008 230606s9999||||xx |||||||||||||| ||und||
020 _a978-93-5014-328-5
040 _aJO-AjNU
_beng
_erda
_cJO-AjNU
041 _aeng
050 1 4 _aTA645 2014
100 3 _aPant, M.K,
_eauthor
_95119
245 0 0 _aFundamental of Structreal Analysis
264 3 1 _aS.Kataria sons,2014
300 _a366p
336 _atext
_btxt
_2rdacontent
337 _aunmediated
_bn
_2rdamedia
338 _avolume
_bnc
_2rdacarrier
650 4 _aFundamental of Structreal Analysis
_95120
999 _aE2647
_c2645
_d2645